Normal view MARC view
  • history PAF 1999-2013

Entry Corporate Name

Number of records used in: 2

001 - CONTROL NUMBER

  • control field: 9277

003 - CONTROL NUMBER IDENTIFIER

  • control field: NUST

005 - DATE AND TIME OF LATEST TRANSACTION

  • control field: 20180120152612.0

008 - FIXED-LENGTH DATA ELEMENTS

  • fixed length control field: 180120|| aca||aabn | a|a d

040 ## - CATALOGING SOURCE

  • Original cataloging agency: NUST
  • Transcribing agency: NUST

110 ## - HEADING--CORPORATE NAME

  • Corporate name or jurisdiction name as entry element: history PAF 1999-2013

670 ## - SOURCE DATA FOUND

  • Source citation: Work cat.: (NUST)326578: Qadeer Ahmad Hashmi, Air Cdre and Forwarded by Tahir Rafique Butt, CAS 9276, History of Pakistan Air Force 1999-2013: Entering the new century, 2014
© 2023 Central Library, National University of Sciences and Technology. All Rights Reserved.